| 000 | 00978nam a22002535i 4500 | ||
|---|---|---|---|
| 001 | 176757 | ||
| 003 | ES-MaACL | ||
| 005 | 20240229062733.0 | ||
| 008 | 110207s2006 sp a |||| | spa d | ||
| 020 | _a84-923272-1-9 | ||
| 080 | _a94(460.281)"18" | ||
| 080 | _a94(460)"1808/1814" | ||
| 100 | 1 |
_aDiego Pareja, Luis Miguel de. _9145077 |
|
| 245 | 1 | 3 |
_aLa Guerra de la Independencia en el Valle del Henares / _cLuis Miguel de Diego Pareja. |
| 250 | _a1ª ed. | ||
| 260 |
_a[Chiloeches] : _bAsociacion cultural "Amigos de Chiloeches!, _cimp. 2006. |
||
| 300 |
_a252 p. : _bil. bl. y n. ; _c24 cm. |
||
| 500 | _aEn la cub. : Obra ganadora del V premio de investigación histórica sobre el Valle del Henares "Manuela Soto Foira" | ||
| 504 | _aBibliografía: p. 248-252. | ||
| 651 | 4 |
_aHenares (España, Valle)- _xHistoria. _9145078 |
|
| 651 | 4 |
_aEspaña- _xHistoria- _y1808-1814, Guerra de la Independencia _98244 |
|
| 852 |
_aES-MaACL _jE-14217 |
||
| 999 |
_c176757 _d176757 |
||